书目信息 |
| 题名: |
数学教育再探
|
|
| 作者: | 弗赖登塔尔 著 ;刘意竹 , 杨刚 译 | |
| 分册: | ||
| 出版信息: | 上海 上海教育出版社 1999.02 |
|
| 页数: | 261页 | |
| 开本: | 32开 | |
| 丛书名: | 中小学数学教学论著译丛 | |
| 单 册: | ||
| 中图分类: | O1-42 | |
| 科图分类: | ||
| 主题词: | 数学理论--教学法 | |
| 电子资源: | ||
| ISBN: | 7-5320-6229-5 | |
| 000 | 00849nam0 2200253 45 | |
| 001 | 0106111588 | |
| 005 | 20031219104050.4 | |
| 010 | @a7-5320-6229-5@dCNY11.60 | |
| 100 | @a20010611d1999 km y0chiy0120 ea | |
| 101 | 0 | @achi@cdut |
| 105 | @a z 000yy | |
| 200 | 1 | @a数学教育再探@AShu Xue Jiao Yu Zai Tan@e在中国的讲学@EZai Zhong Guo De Jiang Xue@f(荷兰)弗赖登塔尔著@F(He Lan)Fu Lai Deng Ta Er Zhu@g刘意竹,杨刚译 |
| 210 | @a上海@c上海教育出版社@d1999.02 | |
| 215 | @a261页@d32开 | |
| 225 | @a中小学数学教学论著译丛 | |
| 410 | @12001 @a中小学数学教学论著译丛 | |
| 517 | @a在中国的讲学@AZai Zhong Guo De Jiang Xue | |
| 606 | 0 | @a数学理论@x教学法 |
| 690 | @aO1-42@v4 | |
| 701 | @a弗赖登塔尔@4著 | |
| 702 | 0 | @a刘意竹@ALiu Yi Zhu@4译 |
| 702 | 0 | @a杨刚@AYang Gang@4译 |
| 801 | @aCN@bTSTC@c20010611 | |
| 905 | @f5@b298299-303@dO1-42@e199 | |
| 数学教育再探:在中国的讲学/(荷兰)弗赖登塔尔著/刘意竹,杨刚译.-上海:上海教育出版社,1999.02 |
| 261页;32开.-(中小学数学教学论著译丛) |
| ISBN 7-5320-6229-5:CNY11.60 |
| ● |
| 相关链接 |
|
|
|
|
正题名:数学教育再探
索取号:O1-42/199
 
预约/预借
| 序号 | 登录号 | 条形码 | 馆藏地/架位号 | 状态 | 备注 |
| 1 | 0298299 | 202982996 | 第三借阅区/ [索取号:O1-42/199] | 在馆 | |
| 2 | 0298300 | 202983003 | 第三借阅区/ [索取号:O1-42/199] | 在馆 | |
| 3 | 0298301 | 202983012 | 第三借阅区/ [索取号:O1-42/199] | 在馆 | |
| 4 | 0298302 | 202983021 | 第三借阅区/ [索取号:O1-42/199] | 在馆 | |
| 5 | 0298303 | 202983030 | 第二样本阅览室/ [索取号:O1-42/199] | 在馆 |